000 00327nam a22001337a 4500
003 OSt
008 250116b |||||||| |||| 00| 0 eng d
041 _aeng
082 _a630
_bROT/IN
100 _aRoth, Lawrence
_96941
245 _aIntroduction to Agricultural Engineering
260 _bAV Publishig Co,,
_c1982.
942 _cBK
999 _c19032
_d19032